Szczegóły MARC21

Metodyczne podstawy wyceny wartości przedsiębiorstwa /

005 -DATA I CZAS OSTATNIEJ MODYFIKACJI [,]
    • @
    • pole kontrolne
    • 20070315155141.9
040 -Instytucja sporządzająca opis [ , ]
    • a
    • Instytucja, która sporządziła opis (NP)
    • SZCZ U
    • c
    • Instytucja, która sporządziła rekord (NP)
    • SZCZ U
041 -Język dokumentu [0, ]
    • a
    • Język tekstu (P)
    • polski
    • h
    • Język tekstu oryginalnego i/lub pośredniego (P)
    • polski
942 -Rodzaj dokumentu [ , ]
    • c
    • Rodzaj dokumentu
    • Książka
100 -Hasło główne - nazwa osobowa [ , ]
    • a
    • Nazwa osobowa (NP)
    • LUDWICKI ANDRZEJ
245 -Strefa tytułu i oznaczenia odpowiedzialności [1, ]
    • a
    • Tytuł
    • Metodyczne podstawy wyceny wartości przedsiębiorstwa / Find
    • c
    • Pozostałe elementy strefy tytułu i oznaczenia odpowiedzialności (NP)
    • Centrum Analizy Wartości. Oddział Warszawski Towarzystwa Naukowego Organizacji i Kierownictwa.
260 -Strefa adresu wydawniczego [ , ]
    • a
    • Miejsce wydania (P)
    • Warszawa :
    • b
    • Nazwa wydawcy (P)
    • CAW,
    • c
    • Data wydania (P)
    • [1991?].
300 -Strefa opisu fizycznego [ , ]
    • a
    • Określenie formy książki i/lub objętość (NP)
    • 29 s. :
    • c
    • Format (NP)
    • 21 cm.
080 -Uniwersalna Klasyfikacja Dziesiętna [ , ]
    • a
    • Symbol klasyfikacji
    • 658.115
    • 9
    • UKD
    • 5619
    • 2
    • Identyfikator wydania tablic
    • UDC-P058
    • b
    • Dopowiedzenie
    • Przedsiębiorstwa państwowe. Przedsiębiorstwa uspołecznione.
080 -Uniwersalna Klasyfikacja Dziesiętna [ , ]
    • a
    • Symbol klasyfikacji
    • :338.246.025.88
980 -Symbol UKD [ , ]
    • a
    • UKD
    • 658.115:338.246.025.88
700 -Hasło dodatkowe - nazwa osobowa [ , ]
    • a
    • Nazwa osobowa (NP)
    • Pawlak Zbigniew Find
Data inwentaryzacji Lokalizacja Numer inwentarzowy Status udost.
1999-03-23BEE.604052
1999-03-23BES.731652
1999-03-23BES.73166-3
1999-03-23BES.731672
1999-03-23BES.731682
1999-03-23BES.731692
1999-03-23BES.731702
1999-03-23BES.731712
1999-03-23TTS.73172-11
1999-03-23TTS.73173-3
1999-03-23TTS.73174-11